000 00870cam a2200277 a 4500
001 3767972
003 ARRUPE
005 20140207122947.0
008 830317s1983 ilu b 000 0 eng
010 _a 83006110
020 _a0877843023 (pbk.) :
_c$3.95
040 _aDLC
_cDLC
_dDLC
050 0 0 _aHQ1090
_b.T76 1983
082 0 0 _a305.3/1
_219
100 1 _aTrobisch, Walter.
_98501
245 1 4 _aThe misunderstood man :
_bwhy men suffer & what can be done about it /
_cWalter Trobisch.
260 _aDowners Grove, Ill. :
_bInterVarsity Press,
_cc1983.
300 _a102, [1] p. ;
_c21 cm.
504 _aBibliography: p. [103]
650 0 _aMen
_xPsychology.
_98502
650 0 _aMen
_xAttitudes.
_98503
650 0 _aMen
_xReligious life.
_98504
650 0 _aSex role.
_98505
906 _a7
_bcbc
_corignew
_d1
_eocip
_f19
_gy-gencatlg
942 _2lcc
_cMONOGRAPH
999 _c119998
_d119998